ŞU HORTUMLU DÜNYADA FİL YALNIZ BİR HAYVANDIR (Record no. 730010)

MARC details
000 -LEADER
sabit uzunluktaki kontrol alanı 00279nam a2200097Ia 4500
001 - KONTROL NUMARASI
kontrol alanı 730010
005 - EN SON İŞLEMİN TARİH VE ZAMANI
kontrol alanı 20250826163706.0
008 - SABİT-UZUNLUKTA VERİ ÖĞELERİ--GENEL BİLGİ
sabit uzunluktaki kontrol alanı 250824s9999 xx 000 0 und d
245 #0 - ESER / YAZAR
ESER ADI ŞU HORTUMLU DÜNYADA FİL YALNIZ BİR HAYVANDIR
Yazar Adı AHMET ŞERİF İZGÖREN
260 ## - YAYIN, DAĞITIM, VB.
YAYIN EVİ ELMA YAYINLARI
Holdings
Düşüm durumu Kayıp durumu Hasar Durumu Ödünç verilmez Ana kütüphane Geçerli Kütüphane Edinilen tarih Toplam ödünç verme sayısı Barkod Son görüntüleme tarihi Fiyatın geçerli olmaya başladığı tarih Koha materyal türü
        SELAHADDİN EYYUBİ ANADOLU LİSESİ SELAHADDİN EYYUBİ ANADOLU LİSESİ 24.08.2025   10223057 26.08.2025 26.08.2025 Books